Siddhartha (Record no. 302207)

MARC details
000 -LEADER
fixed length control field 00384nam a2200157Ia 4500
008 - FIXED-LENGTH DATA ELEMENTS--GENERAL INFORMATION
fixed length control field 230718s9999 xx 000 0 und d
041 ## - LANGUAGE CODE
Language code of text/sound track or separate title eng
082 ## - DEWEY DECIMAL CLASSIFICATION NUMBER
Classification number 294.556
Item number HES
100 ## - MAIN ENTRY--PERSONAL NAME
Personal name Hesse H.
9 (RLIN) 117837
245 ## - TITLE STATEMENT
Title Siddhartha
260 ## - PUBLICATION, DISTRIBUTION, ETC. (IMPRINT)
Date of publication, distribution, etc. 2001
Name of publisher, distributor, etc. Harper Collings
300 ## - PHYSICAL DESCRIPTION
Extent 122
365 ## - TRADE PRICE
Currency code Rs.
Price amount 295.00
700 ## - ADDED ENTRY--PERSONAL NAME
Personal name Hesse H.
9 (RLIN) 117837
906 ## - LOCAL DATA ELEMENT F, LDF (RLIN)
d B:173109-Nov-2001
c OTH
b 44.25
Holdings
Withdrawn status Lost status Damaged status Not for loan Home library Current library Date acquired Vendor Budget Code Cost, normal purchase price Bill number Total Checkouts Full call number Barcode Date last seen Discount Cost, replacement price Bill Date Koha item type Original Barcode
        Cummins College of Engineering for Women Pune Cummins College of Engineering for Women Pune 01/10/2001 Technical Book Services OTH 250.75 1731   294.556 CCEP-BK-13414 18/07/2023 44.25 295.00 09/11/2001 Books 013414